000 00332 a2200157 4500
001 152508
040 _cEscola São Tomás de Aquino
100 _aBANDEIRA, Manuel
240 1 0 _aEstrela da manhã
_lpor
245 1 0 _aEstrela da manhã
300 _a92
362 0 _a2012
440 1 _aGlobal
697 _aPoesia
942 _cBK
999 _c152508
_d152508